000 00301nam a22001337a 4500
008 170523b xxu||||| |||| 00| 0 eng d
020 _a9780321195500
041 _aeng
080 _25th
_a94
100 _a16
101 _ashh
245 _aINTERNATIONAL RELATIONS
_cGOLDSTEIN, J.S
942 _2udc
_cBK
999 _c13908
_d13908